000 00530nam a2200169Ia 4500
003 LK-CoDNM
008 010623t xxu||||| |||| 00| 1 sin d
040 _aLK-CoDNM
_dLK-CoDNM
_eLK-CoDNM
041 _asin
080 _a334
100 _aWenkathappa,B
245 _aසමුපකාරය,සමාජ යුක්තිය හා ග්‍රාමිය අංශය
246 _aSanupakaraya,Samaja ukthiya Ha gramiya Anshaya
260 _bSri Lanka Jathika Samupakara Mandalaya
300 _b12p.;18 cm cm
942 _cBK
999 _c141681
_d141681